Introduction to Time Series Analytics and Forecasting (Record no. 1678359)

MARC details
000 -LEADER
fixed length control field 00374 a2200133 4500
000 - LEADER
fixed length control field nam a22 7a 4500
005 - DATE AND TIME OF LATEST TRANSACTION
control field 20260129142419.0
020 ## - INTERNATIONAL STANDARD BOOK NUMBER
International Standard Book Number 9781394186693
100 ## - MAIN ENTRY--PERSONAL NAME
Personal name Montgomery, Douglas C.; Jennings, Cheryl; Kulahci, Murat
9 (RLIN) 1112726
245 ## - TITLE STATEMENT
Title Introduction to Time Series Analytics and Forecasting
250 ## - EDITION STATEMENT
Edition statement 3
260 ## - PUBLICATION, DISTRIBUTION, ETC.
Name of publisher, distributor, etc. Wiley
Date of publication, distribution, etc. 2024
942 ## - ADDED ENTRY ELEMENTS (KOHA)
Koha item type Textual
Holdings
Withdrawn status Lost status Source of classification or shelving scheme Damaged status Not for loan Home library Current library Date acquired Source of acquisition Cost, normal purchase price Total Checkouts Date last seen Cost, replacement price Price effective from Koha item type
    Colon Classification (CC)     Central Science Library Central Science Library 2026-04-06 115 11031.52   2026-04-06 13789.40 2026-04-06 Textual
Copyright @ Delhi University Library System